00681nam a2200217 a 450000100060000000300080000600500170001400800410003103500190007203500190009104000490011004100080015908200200016710000360018724500950022326000410031830000310035950400310039065000220042170000200044345911BD-RjUL20211209054102.0160728s1935 nyua b 000 0 eng  a(BD-RjUL)46029 a(OCoLC)1520767 aDLCcNGenoUdFTaSUdOCoLCdDLCdBD-RjULbeng aeng a371.7bWIM 19351 aWilliams, Jesse Feiring,d1886-10aMethods and materials of health education /cby Jesse Feiring Williams and Fannie B. Shaw. aNew York :bT. Nelson & Sons,c1935. a331 p. :billus. ;c20 cm. aBibliographical footnotes. 0aHealth education.1 aShaw, Fannie B.